000
00298nam a22001337a 4500
008
171214b xxu||||| |||| 00| 0 eng d
020
_a
9780072418378
041
_a
eng
080
_a
33
100
_a
52
101
_a
EKO
245
_a
CLASSIC READINGS IN ECONOMICS
_c
COLANDER,D
942
_2
udc
_c
BK
999
_c
38902
_d
38902